Actiones ficticiae: tipologie e datazione

Na minha lista:
Detalhes bibliográficos
Autor principal: Mercogliano, Felice (autor)
Formato: Livro
Idioma:Língua italiana
Publicado em: Nápoles Jovene Editore 2001
Colecção:Facoltà di Giurisprudenza della Università di Camerino, 48
Assuntos:
Tags: Adicionar Tag
Sem tags, seja o primeiro a adicionar uma tag!

MARC

LEADER 00000cam a2200000 a 4500
001 UCG9707
003 CL-VaPUC
008 120330e20010000IT |||||||||||||||||ita|d
020 |a 8824313868 
082 0 4 |a 340.54  |b MER  |2 21 
100 |a Mercogliano, Felice  |e autor  |9 577769 
245 1 0 |a Actiones ficticiae: tipologie e datazione 
300 |a 159 p 
942 |c BK 
945 |d 20120330 00:00:00  |a dcastane 
260 |a Nápoles  |b Jovene Editore  |c 2001 
650 0 |a Acción legal  |9 395006 
650 7 |a PROCESO LEGAL  |2 CL-VaPUC  |9 397557 
650 0 |a Libertad  |9 255686 
583 |a last modification  |c 20120330 10:33:00  |k Rodrigo Vera 
490 0 |a Facoltà di Giurisprudenza della Università di Camerino, 48 
999 |c 347253  |d 347251 
952 |0 0  |1 0  |4 0  |6 340_540000000000000_MER_2001  |7 0  |8 DER_ROM  |9 448486  |a BIBDER  |b BIBDER  |d 2019-11-22  |i 484646K  |o 340.54 MER 2001  |p 484646K  |r 2023-01-25  |w 2019-11-22  |x Ubicación 4to piso  |y BK  |z Este recurso debe solicitarse con anticipación  |k DER